LDR 00644naa#a2200169#i#450# 001 EN\\bibl\120746 005 20260516112029.6 011 ## _a2687-0185 100 ## _a20251202b2025####ek#y0engy0150####ca 102 ## _aRU 200 1# _aCauses and conditions of committing violent crimes against employees of places of detention _eJournal article 210 1# _aMoscow _cMoscow University of the Ministry of Internal Affairs of Russia named after V.Ya. Kikot _d2025 215 ## _a3 с. 608 ## _aJournal article _2local 675 ## _aКриминология. Криминалистика. 343.9 _z 700 #1 _aRadchenko _gAnton Leonidovich 856 4# _amosumvd.editorum.ru _u